00572nam a2200181 a 4500020001800000082002000018100002500038245001700063260004200080300000900122500003500131505001000166650003500176700002400211942000700235952013300242999001500375 a019564X 00a324.245408bHAN aHansen, Thomas Bloom aSaffron Wave aDelhibOxford University Press c1999 a293p aincludes index and biblioraphy2 aIndex aReligious Fundamentalism-Hindu1 aHansen, Thomas Blom cBK 001040708StackRoom-aHMIbHMId2007-04-11g495.00l3o324.245408 HANp019511r2025-01-23s2025-01-16v495.00w2005-05-24yBK c9454d9454